[Event "Berlin-ch Seniors op 35th"]
[Site "Berlin"]
[Date "2019.02.02"]
[Round "5"]
[White "Welz, Peter"]
[Black "Hildebrand, Gerald"]
[Result "0-1"]
[WhiteElo "2001"]
[BlackElo "2153"]
[PlyCount "98"]
[EventDate "2019.01.29"]
[EventType "swiss"]
[EventRounds "9"]
[EventCountry "GER"]
[SourceTitle "CBM 189 Extra"]
[Source "ChessBase"]
[SourceDate "2019.06.03"]
[SourceVersion "1"]
[SourceVersionDate "2019.06.03"]
[SourceQuality "1"]

1. e4 c5 2. Nc3 Nc6 3. g3 g6 4. Bg2 Bg7 5. d3 d6 6. Be3 Nf6 7. h3 a6 8. Nge2 Rb8 9. 0-0 b5 10. a3 Bb7 11. Qd2 0-0 12. Bh6 Nd4 13. Nxd4 cxd4 14. Ne2 Qb6 15. Bxg7 Kxg7 16. Kh2 Rfc8 17. f4 a5 18. c3 dxc3 19. Nxc3 b4 20. axb4 axb4 21. Nd1 Nd7 22. Ne3 Nc5 23. Nc4 Qc7 24. Qxb4 Kg8 25. Qc3 Nxd3 26. Qxd3 Qxc4 27. Qxc4 Rxc4 28. Rac1 Rbc8 29. Rxc4 Rxc4 30. Rf2 Bxe4 31. b3 Rb4 32. Bxe4 Rxe4 33. Rb2 Rb4 34. Kg2 f6 35. Kf3 e5 36. fxe5 fxe5 37. Ke3 Kf7 38. Kd3 d5 39. Kc3 Rb5 40. b4 Ke6 41. Kb3 e4 42. Ka4 Rb8 43. b5 d4 44. Kb4 Kd5 45. Rc2 d3 46. Rc5+ Kd4 47. Rc7 Ke3 48. Rd7 Ke2 49. Re7 e3 0-1

[Event "Berlin-ch QT"]
[Site "Berlin"]
[Date "2018.04.05"]
[Round "6"]
[White "Sitte, Adrian"]
[Black "Welz, Peter"]
[Result "1-0"]
[WhiteElo "1821"]
[BlackElo "1999"]
[PlyCount "96"]
[EventDate "2018.03.31"]
[EventType "swiss"]
[EventRounds "9"]
[EventCountry "GER"]
[SourceTitle "EXT 2020"]
[Source "ChessBase"]
[SourceDate "2019.10.17"]
[SourceVersion "1"]
[SourceVersionDate "2019.10.17"]
[SourceQuality "1"]

1. e4 e6 2. d4 d5 3. exd5 exd5 4. Nf3 Bg4 5. Bd3 Nc6 6. c3 Bd6 7. 0-0 Nge7 8. Bg5 f6 9. Bh4 h5 10. Re1 Qd7 11. Bg6+ Kf8 12. Bd3 Nf5 13. Bxf5 Qxf5 14. Nbd2 g5 15. Bg3 Bxg3 16. fxg3 h4 17. h3 Bxf3 18. Nxf3 hxg3 19. Rf1 Kg7 20. Qe1 Rae8 21. Qxg3 Qf4 22. Qxf4 gxf4 23. Rae1 Ne7 24. Nd2 Ng6 25. Nf3 Re4 26. Nd2 Re3 27. Rxe3 fxe3 28. Nf3 f5 29. Ne5 Rh4 30. Rxf5 Re4 31. Kf1 e2+ 32. Ke1 Nf4 33. Rg5+ Kf6 34. Rg3 c5 35. Nd7+ Kf5 36. Nxc5 Re7 37. Nd3 Nh5 38. Rf3+ Kg5 39. g4 Ng7 40. Ne5 Ne6 41. Rf5+ Kh6 42. Kxe2 Ng5 43. Rf6+ Kh7 44. h4 Ne4 45. Rf7+ Rxf7 46. Nxf7 Kg6 47. Ne5+ Kh6 48. Ke3 Ng3 1-0

[Event "Berlin-ch QT"]
[Site "Berlin"]
[Date "2018.04.04"]
[Round "5"]
[White "Welz, Peter"]
[Black "Shpati, Ted"]
[Result "1-0"]
[WhiteElo "1999"]
[BlackElo "2081"]
[PlyCount "65"]
[EventDate "2018.03.31"]
[EventType "swiss"]
[EventRounds "9"]
[EventCountry "GER"]
[SourceTitle "EXT 2020"]
[Source "ChessBase"]
[SourceDate "2019.10.17"]
[SourceVersion "1"]
[SourceVersionDate "2019.10.17"]
[SourceQuality "1"]

1. e4 d6 2. d4 Nf6 3. Nc3 e5 4. Nf3 Nbd7 5. Bc4 Be7 6. dxe5 dxe5 7. Bxf7+ Kxf7 8. Ng5+ Kg8 9. Ne6 Qe8 10. Nxc7 Qg6 11. Qd3 Qxg2 12. Be3 h6 13. 0-0-0 Rb8 14. Rdg1 Qh3 15. Rg3 Qh5 16. Rhg1 Bf8 17. Bxa7 Qf7 18. Bxb8 Nxb8 19. Qd8 Nh5 20. Qxc8 Nxg3 21. fxg3 Kh7 22. Qf5+ Qxf5 23. exf5 Bc5 24. Re1 Nc6 25. Ne4 Bb6 26. Nd5 Bd8 27. c3 Rf8 28. Rf1 h5 29. Kc2 Kh6 30. a4 g6 31. f6 g5 32. Nc5 Rf7 33. Nxb7 1-0

[Event "Oberliga Nord O 1718"]
[Site "Germany"]
[Date "2018.02.25"]
[Round "7.6"]
[White "Welz, Peter"]
[Black "Emig, Edgar"]
[Result "0-1"]
[WhiteElo "1999"]
[BlackElo "2128"]
[PlyCount "136"]
[EventDate "2017.10.08"]
[EventType "team-tourn"]
[EventRounds "9"]
[EventCountry "GER"]
[SourceTitle "EXT 2019"]
[Source "ChessBase"]
[SourceDate "2018.10.10"]
[SourceVersion "1"]
[SourceVersionDate "2018.10.10"]
[SourceQuality "1"]
[WhiteTeam "Berlin Empor"]
[BlackTeam "Berlin Makkabi"]
[WhiteTeamCountry "GER"]
[BlackTeamCountry "GER"]

1. f4 d5 2. Nf3 Nf6 3. g3 c5 4. Bg2 Nc6 5. 0-0 g6 6. d3 Bg7 7. Nc3 Bf5 8. Nh4 Qd7 9. Nxf5 gxf5 10. e4 dxe4 11. dxe4 Nxe4 12. Nxe4 fxe4 13. Qxd7+ Kxd7 14. Bxe4 h5 15. c3 Kc7 16. Be3 b6 17. Rad1 Rad8 18. Kg2 Bf6 19. Rxd8 Nxd8 20. Rd1 e6 21. b4 c4 22. Bd4 Bxd4 23. Rxd4 b5 24. Kh3 f6 25. a4 a6 26. a5 Nf7 27. Kh4 Nd6 28. Bc2 Rh6 29. Rd2 Kd7 30. Bd1 Ke7 31. Bf3 Nf5+ 32. Kh3 Nd6 33. Bc6 e5 34. Re2 Ke6 35. Bf3 Rh7 36. Kg2 Kf5 37. Rd2 Ke6 38. Bd5+ Kf5 39. Bg8 Rd7 40. Bh7+ Ke6 41. Bg6 Rg7 42. Bxh5 exf4 43. Bf3 Nf5 44. g4 Ne3+ 45. Kf2 Nxg4+ 46. Bxg4+ Rxg4 47. Rd8 Rh4 48. Ra8 Rxh2+ 49. Kf3 Kf5 50. Rxa6 Rh3+ 51. Kf2 Rxc3 52. Rb6 Ke4 53. Rxb5 Rc2+ 54. Kg1 Ke3 55. Rb6 Rc1+ 56. Kh2 f5 57. Re6+ Kf2 58. a6 c3 59. b5 Ra1 60. Rc6 Ra3 61. Rc7 f3 62. a7 Ra4 63. Kh3 Kg1 64. Rg7+ Kf1 65. b6 c2 66. Rc7 f2 67. Rxc2 Ke1 68. Rxf2 Kxf2 0-1

[Event "Berlin-ch Seniors op 34th"]
[Site "Berlin"]
[Date "2018.02.05"]
[Round "6"]
[White "Kohlmeyer, Dagobert"]
[Black "Welz, Peter"]
[Result "1/2-1/2"]
[WhiteElo "1858"]
[BlackElo "2042"]
[PlyCount "95"]
[EventDate "2018.01.30"]
[EventType "swiss"]
[EventRounds "9"]
[EventCountry "GER"]
[SourceTitle "EXT 2020"]
[Source "ChessBase"]
[SourceDate "2019.10.17"]
[SourceVersion "1"]
[SourceVersionDate "2019.10.17"]
[SourceQuality "1"]

1. e4 e6 2. d4 d5 3. Nc3 Bb4 4. exd5 exd5 5. Nf3 Nf6 6. Bd3 Bg4 7. 0-0 0-0 8. h3 Bh5 9. Bf4 c6 10. a3 Bd6 11. Bxd6 Qxd6 12. Re1 Nbd7 13. b4 Rae8 14. Be2 Re7 15. Nh4 Rfe8 16. Nf5 Rxe2 17. Nxe2 Qc7 18. Nfg3 Bg6 19. Qd2 Ne4 20. Nxe4 dxe4 21. c4 f5 22. Qf4 Qxf4 23. Nxf4 Bf7 24. d5 g5 25. dxc6 bxc6 26. Rad1 Ne5 27. Ne2 Nd3 28. Nd4 Nxe1 29. Rxe1 f4 30. Nxc6 Bxc4 31. Nd4 e3 32. fxe3 fxe3 33. Nf5 Re5 34. Nxe3 a5 35. Kf2 Ba6 36. Rd1 axb4 37. axb4 Re4 38. Rd8+ Kf7 39. Rb8 Re5 40. g3 h5 41. Rh8 Kg6 42. Rb8 Kf7 43. g4 hxg4 44. hxg4 Rb5 45. Rxb5 Bxb5 46. Nf5 Kf6 47. Ke3 Ke5 48. Nd4 1/2-1/2

[Event "Oberliga Nord O 1718"]
[Site "Germany"]
[Date "2018.02.04"]
[Round "6.5"]
[White "Welz, Peter"]
[Black "Franzke, Alexander"]
[Result "1/2-1/2"]
[WhiteElo "1999"]
[BlackElo "2009"]
[PlyCount "125"]
[EventDate "2017.10.08"]
[EventType "team-tourn"]
[EventRounds "9"]
[EventCountry "GER"]
[SourceTitle "EXT 2019"]
[Source "ChessBase"]
[SourceDate "2018.10.10"]
[SourceVersion "1"]
[SourceVersionDate "2018.10.10"]
[SourceQuality "1"]
[WhiteTeam "Berlin Empor"]
[BlackTeam "Cottbus Lokomotive"]
[WhiteTeamCountry "GER"]
[BlackTeamCountry "GER"]

1. e4 c5 2. Nc3 g6 3. g3 Bg7 4. Bg2 Nc6 5. d3 d6 6. f4 Nf6 7. Nf3 Nd4 8. h3 Nh5 9. Nxd4 cxd4 10. Ne2 e5 11. 0-0 exf4 12. g4 Ng3 13. Nxg3 fxg3 14. Qf3 0-0 15. Qxg3 Be5 16. Bf4 Qe7 17. Bxe5 dxe5 18. c3 dxc3 19. bxc3 Qc5+ 20. Kh1 Be6 21. c4 f6 22. Rf2 Rad8 23. Raf1 Kg7 24. g5 fxg5 25. Rxf8 Rxf8 26. Rxf8 Kxf8 27. Qxg5 Kg7 28. h4 Qd6 29. h5 Bc8 30. h6+ Kf7 31. Qe3 Qd4 32. Qf3+ Ke7 33. Kh2 Qb2 34. Qg3 Kf7 35. Qg5 Qd4 36. Qd2 b6 37. a4 a5 38. Bh3 Bxh3 39. Kxh3 Qg1 40. Qb2 Kf6 41. Qb5 Qe3+ 42. Kg2 Qd4 43. Qe8 Kg5 44. Qe7+ Kh5 45. Qxh7 Qxd3 46. Qb7 Qd2+ 47. Kg3 Qe3+ 48. Kg2 Kxh6 49. Qd5 Qd4 50. Kf3 Kg5 51. Kg3 Qxd5 52. cxd5 Kf6 53. Kg4 Ke7 54. Kg5 Kd6 55. Kxg6 b5 56. axb5 a4 57. Kf7 a3 58. b6 a2 59. b7 Kc7 60. d6+ Kxb7 61. d7 a1Q 62. d8Q Qd4 63. Qxd4 1/2-1/2

[Event "Berlin-ch Seniors op 34th"]
[Site "Berlin"]
[Date "2018.02.02"]
[Round "4"]
[White "Welz, Peter"]
[Black "Sommer, Werner1111"]
[Result "1-0"]
[WhiteElo "2042"]
[BlackElo "1378"]
[PlyCount "35"]
[EventDate "2018.01.30"]
[EventType "swiss"]
[EventRounds "9"]
[EventCountry "GER"]
[SourceTitle "EXT 2020"]
[Source "ChessBase"]
[SourceDate "2019.10.17"]
[SourceVersion "1"]
[SourceVersionDate "2019.10.17"]
[SourceQuality "1"]

1. e4 e5 2. Nf3 Nc6 3. d4 exd4 4. Nxd4 Nxd4 5. Qxd4 b6 6. Nc3 d6 7. Bf4 Qf6 8. Bb5+ Bd7 9. e5 Qg6 10. 0-0-0 c6 11. Bd3 Qxg2 12. exd6 0-0-0 13. a4 c5 14. Qc4 Be6 15. Qa6+ Qb7 16. Qxb7+ Kxb7 17. Be4+ Kc8 18. Nb5 1-0

[Event "Feffernitz op 26th"]
[Site "Feffernitz"]
[Date "2017.08.22"]
[Round "4"]
[White "Welz, Peter"]
[Black "Pantovic, Dragan M"]
[Result "0-1"]
[WhiteElo "2086"]
[BlackElo "2135"]
[PlyCount "161"]
[EventDate "2017.08.20"]
[EventType "swiss"]
[EventRounds "9"]
[EventCountry "AUT"]
[SourceTitle "CBM 180 Extra"]
[Source "ChessBase"]
[SourceDate "2017.10.06"]
[SourceVersion "1"]
[SourceVersionDate "2017.10.06"]
[SourceQuality "1"]

1. e4 g6 2. d4 Bg7 3. f4 d6 4. Nf3 c5 5. dxc5 Qa5+ 6. c3 Qxc5 7. Bd3 Nf6 8. Qe2 Bg4 9. Be3 Qc7 10. 0-0 Nc6 11. h3 Bd7 12. Nd4 0-0 13. Nd2 a6 14. Qf2 Rab8 15. Qh4 e6 16. N2f3 Qd8 17. f5 exf5 18. exf5 Ne5 19. Bc2 Nd5 20. Bg5 f6 21. Bd2 Ne7 22. Bb3+ Kh8 23. Nxe5 dxe5 24. Nf3 Nxf5 25. Qf2 Bc6 26. Rad1 Qc7 27. g4 Nd6 28. Nh4 Ne4 29. Nxg6+ hxg6 30. Qh4+ Bh6 31. Bxh6 Qh7 32. g5 fxg5 33. Bxg5 Qxh4 34. Bxh4 Kg7 35. Be7 Rf4 36. Rxf4 exf4 37. Bd8 f3 38. Bb6 Rf8 39. Bf2 Re8 40. Bd4+ Kh6 41. Be3+ Kg7 42. Bd5 Bxd5 43. Rxd5 Rf8 44. Bf2 Rf7 45. Re5 Nd2 46. b3 Rf4 47. Re7+ Rf7 48. Bd4+ Kf8 49. Re6 g5 50. Be3 Nb1 51. Bc5+ Kg8 52. Bd4 f2+ 53. Bxf2 Nxc3 54. a4 Kh7 55. Re4 Kg6 56. Kg2 Nd1 57. Bd4 Rd7 58. Bg1 Kf6 59. Re2 Rd3 60. b4 Nc3 61. Rf2+ Kg6 62. a5 Nd5 63. Bh2 Ne3+ 64. Kh1 Rd1+ 65. Bg1 Nd5 66. Rc2 Rb1 67. Rg2 Rxb4 68. Rd2 Nf4 69. h4 gxh4 70. Be3 Kf5 71. Kh2 Rb3 72. Bb6 Rd3 73. Rc2 Nd5 74. Bd8 Nb4 75. Rf2+ Kg4 76. Bc7 Nd5 77. Rg2+ Kf5 78. Bd8 Nf4 79. Rb2 Rxd8 80. Rxb7 Rd2+ 81. Kg1 0-1

[Event "Feffernitz op 26th"]
[Site "Feffernitz"]
[Date "2017.08.20"]
[Round "1"]
[White "Loescher, Leon"]
[Black "Welz, Peter"]
[Result "0-1"]
[WhiteElo "1693"]
[BlackElo "2086"]
[PlyCount "56"]
[EventDate "2017.08.20"]
[EventType "swiss"]
[EventRounds "9"]
[EventCountry "AUT"]
[SourceTitle "CBM 180 Extra"]
[Source "ChessBase"]
[SourceDate "2017.10.06"]
[SourceVersion "1"]
[SourceVersionDate "2017.10.06"]
[SourceQuality "1"]

1. e4 e6 2. d4 d5 3. Nc3 Bb4 4. exd5 exd5 5. Bd3 Nf6 6. Nf3 0-0 7. 0-0 Bg4 8. Bg5 c6 9. Nb1 Nbd7 10. c3 Bd6 11. Nbd2 Qc7 12. Qc2 a5 13. a3 Bf4 14. Bh4 a4 15. Rae1 b5 16. Re7 Qd6 17. Ree1 Rae8 18. Bg3 h6 19. Bf5 Bxg3 20. fxg3 Bxf5 21. Qxf5 Re6 22. Qd3 Rfe8 23. Rxe6 Rxe6 24. Nh4 g6 25. Nxg6 fxg6 26. Qxg6+ Kh8 27. Qxh6+ Nh7 28. Rf8+ Ndxf8 0-1

[Event "Berlin-ch QT"]
[Site "Berlin"]
[Date "2017.04.17"]
[Round "9"]
[White "Welz, Peter"]
[Black "Meyer Dunker, Paul"]
[Result "1-0"]
[WhiteElo "2106"]
[BlackElo "1924"]
[PlyCount "73"]
[EventDate "2017.04.09"]
[EventType "swiss"]
[EventRounds "9"]
[EventCountry "GER"]
[SourceTitle "CBM 189 Extra"]
[Source "ChessBase"]
[SourceDate "2019.06.03"]
[SourceVersion "1"]
[SourceVersionDate "2019.06.03"]
[SourceQuality "1"]

1. e4 e5 2. Nf3 Nc6 3. d4 exd4 4. Nxd4 Bc5 5. Nb3 Bb6 6. a4 a6 7. Nc3 Nf6 8. Bg5 h6 9. Bh4 d6 10. Bd3 Be6 11. Nd5 Bxd5 12. exd5 Ne5 13. 0-0 Qd7 14. c4 0-0-0 15. a5 Ba7 16. Rc1 g5 17. Bg3 h5 18. Bxe5 dxe5 19. Qc2 Kb8 20. Nd2 g4 21. b4 h4 22. Ne4 Nxe4 23. Bxe4 g3 24. c5 f5 25. Bxf5 Qg7 26. Be4 h3 27. fxg3 hxg2 28. Qxg2 Rh6 29. Rf5 Rdh8 30. Rcf1 b6 31. axb6 cxb6 32. Rf7 Qg8 33. d6 bxc5 34. Rb7+ Kc8 35. Rxa7 Rxh2 36. Bf5+ Kd8 37. Qa8# 1-0

[Event "Oberliga Nord O 1617"]
[Site "Germany"]
[Date "2017.02.19"]
[Round "6.6"]
[White "Heuer, Thomas"]
[Black "Welz, Peter"]
[Result "1/2-1/2"]
[WhiteElo "2101"]
[BlackElo "2118"]
[PlyCount "67"]
[EventDate "2016.10.16"]
[EventType "team-tourn"]
[EventRounds "9"]
[EventCountry "GER"]
[SourceTitle "EXT 2018"]
[Source "ChessBase"]
[SourceDate "2017.10.13"]
[SourceVersion "1"]
[SourceVersionDate "2017.10.13"]
[SourceQuality "1"]
[WhiteTeam "Neuruppin"]
[BlackTeam "Berlin Empor"]
[WhiteTeamCountry "GER"]
[BlackTeamCountry "GER"]

1. d4 f5 2. g3 Nf6 3. Bg2 g6 4. Nf3 Bg7 5. 0-0 0-0 6. c4 d6 7. Nc3 Nc6 8. d5 Ne5 9. Qb3 Nxf3+ 10. Bxf3 e5 11. dxe6 Bxe6 12. Qxb7 Rb8 13. Qxa7 Bxc4 14. Qa4 Bf7 15. Rd1 Qe7 16. Rb1 h6 17. Qc2 Rfd8 18. Be3 d5 19. Bd4 c6 20. Na4 Be8 21. Nc5 Ne4 22. Bxg7 Kxg7 23. Bxe4 fxe4 24. Qc3+ Kh7 25. f3 Bf7 26. b4 h5 27. Qe3 h4 28. fxe4 hxg3 29. hxg3 dxe4 30. Kg2 g5 31. Rd4 Rxd4 32. Qxd4 Rd8 33. Qe3 Bxa2 34. Rf1 1/2-1/2

[Event "Berlin-ch Seniors op 33rd"]
[Site "Berlin"]
[Date "2017.02.04"]
[Round "5"]
[White "Federau, Juergen"]
[Black "Welz, Peter"]
[Result "1-0"]
[WhiteElo "2084"]
[BlackElo "2118"]
[PlyCount "59"]
[EventDate "2017.01.31"]
[EventType "swiss"]
[EventRounds "9"]
[EventCountry "GER"]
[SourceTitle "EXT 2019"]
[Source "ChessBase"]
[SourceDate "2018.10.10"]
[SourceVersion "1"]
[SourceVersionDate "2018.10.10"]
[SourceQuality "1"]

1. d4 f5 2. Nf3 Nf6 3. g3 g6 4. Bg2 Bg7 5. 0-0 0-0 6. b3 d5 7. Bb2 c6 8. Nbd2 Ne4 9. Ne5 Nxd2 10. Qxd2 Nd7 11. Nxd7 Bxd7 12. c4 e6 13. Ba3 Re8 14. e3 a5 15. Rfc1 a4 16. Bd6 axb3 17. axb3 Rxa1 18. Rxa1 Qb6 19. Qc2 dxc4 20. bxc4 e5 21. Rb1 Qa6 22. dxe5 Bxe5 23. Bxe5 Rxe5 24. Qb2 Re7 25. c5 Be6 26. Ra1 Qd3 27. Ra8+ Kf7 28. Qh8 Bc4 29. Rf8+ Ke6 30. Rf6+ 1-0

[Event "Berlin Lichtenrade op 12th"]
[Site "Berlin"]
[Date "2016.10.28"]
[Round "7"]
[White "Welz, Peter"]
[Black "Di Candia, Roberto"]
[Result "1-0"]
[WhiteElo "2085"]
[BlackElo "1874"]
[PlyCount "61"]
[EventDate "2016.10.22"]
[EventType "swiss"]
[EventRounds "9"]
[EventCountry "GER"]
[SourceTitle "EXT 2018"]
[Source "ChessBase"]
[SourceDate "2017.10.13"]
[SourceVersion "1"]
[SourceVersionDate "2017.10.13"]
[SourceQuality "1"]

1. e4 c5 2. Nc3 g6 3. g3 Bg7 4. Bg2 Nc6 5. d3 d6 6. Be3 Nf6 7. h3 0-0 8. f4 Ne8 9. Nf3 Nd4 10. 0-0 f5 11. Qd2 Rb8 12. Rae1 Bd7 13. e5 Nxf3+ 14. Bxf3 Bc6 15. Qg2 Bxf3 16. Qxf3 Nc7 17. Bf2 b6 18. d4 cxd4 19. Bxd4 d5 20. Ne2 e6 21. Rf2 Rf7 22. Kh1 Bf8 23. Rg1 Na6 24. g4 Qd7 25. Ng3 Nc5 26. gxf5 exf5 27. Nh5 Ne4 28. Rfg2 Qe6 29. Nf6+ Kh8 30. Rxg6 hxg6 31. Qh5+ 1-0

[Event "Berlin Lichtenrade op 12th"]
[Site "Berlin"]
[Date "2016.10.25"]
[Round "4"]
[White "Roesemann, Rainer"]
[Black "Welz, Peter"]
[Result "1-0"]
[WhiteElo "2282"]
[BlackElo "2085"]
[PlyCount "97"]
[EventDate "2016.10.22"]
[EventType "swiss"]
[EventRounds "9"]
[EventCountry "GER"]
[SourceTitle "EXT 2018"]
[Source "ChessBase"]
[SourceDate "2017.10.13"]
[SourceVersion "1"]
[SourceVersionDate "2017.10.13"]
[SourceQuality "1"]

1. c4 f5 2. g3 Nf6 3. Bg2 g6 4. Nc3 Bg7 5. d3 d6 6. e4 fxe4 7. dxe4 e5 8. Nge2 0-0 9. 0-0 Be6 10. Nd5 c5 11. Bg5 Nc6 12. Rb1 Qd7 13. Qd2 Rf7 14. a3 Raf8 15. f3 Nd4 16. Nxd4 exd4 17. b4 b6 18. Rbc1 Bh3 19. Bxf6 Bxf6 20. Bxh3 Qxh3 21. f4 Bg7 22. Qg2 Qd7 23. h4 Qg4 24. Kh2 h6 25. Qf3 Qe6 26. b5 g5 27. f5 Qe5 28. hxg5 hxg5 29. Kg2 Bf6 30. Rh1 Rg7 31. g4 Rff7 32. Rh6 Rh7 33. Rch1 Rxh6 34. Rxh6 Kf8 35. Qd3 Ke8 36. Kf3 Kd8 37. a4 Rf8 38. a5 Rh8 39. Rxh8+ Bxh8 40. axb6 axb6 41. Qa3 d3 42. Qa8+ Kd7 43. Nxb6+ Ke7 44. Nd5+ Kf7 45. Qb7+ Kf8 46. Qc8+ Kg7 47. f6+ Kf7 48. Qxh8 d2 49. Qg7+ 1-0

[Event "Berlin Lichtenrade op 12th"]
[Site "Berlin"]
[Date "2016.10.23"]
[Round "2"]
[White "Dathe, Frederick"]
[Black "Welz, Peter"]
[Result "0-1"]
[WhiteElo "1909"]
[BlackElo "2085"]
[PlyCount "40"]
[EventDate "2016.10.22"]
[EventType "swiss"]
[EventRounds "9"]
[EventCountry "GER"]
[SourceTitle "EXT 2018"]
[Source "ChessBase"]
[SourceDate "2017.10.13"]
[SourceVersion "1"]
[SourceVersionDate "2017.10.13"]
[SourceQuality "1"]

1. Nf3 f5 2. c4 Nf6 3. Nc3 g6 4. g3 Bg7 5. Bg2 0-0 6. d4 d6 7. 0-0 Nc6 8. d5 Ne5 9. Nxe5 dxe5 10. e4 f4 11. gxf4 exf4 12. Bxf4 Nxe4 13. Bd2 Nxd2 14. Qxd2 e6 15. Rad1 Qh4 16. Qe2 exd5 17. Bxd5+ Kh8 18. Qe4 Qh5 19. Rfe1 Bg4 20. Rd4 Rxf2 0-1

[Event "GER-chT Seniors 25th"]
[Site "Magdeburg"]
[Date "2016.10.13"]
[Round "5.1"]
[White "Ruemmler, Roland"]
[Black "Welz, Peter"]
[Result "0-1"]
[WhiteElo "1967"]
[BlackElo "2085"]
[PlyCount "82"]
[EventDate "2016.10.09"]
[EventType "team-swiss"]
[EventRounds "7"]
[EventCountry "GER"]
[SourceTitle "EXT 2019"]
[Source "ChessBase"]
[SourceDate "2018.10.10"]
[SourceVersion "1"]
[SourceVersionDate "2018.10.10"]
[SourceQuality "1"]
[WhiteTeam "Sachsen Anhalt III"]
[BlackTeam "Berlin II"]
[WhiteTeamCountry "GER"]
[BlackTeamCountry "GER"]

1. d4 f5 2. Nc3 Nf6 3. Bg5 e6 4. e4 fxe4 5. Nxe4 Be7 6. Bxf6 Bxf6 7. Nf3 0-0 8. c3 b6 9. Bd3 Bb7 10. Qc2 g6 11. h4 Bxe4 12. Bxe4 d5 13. Bxg6 hxg6 14. Qxg6+ Bg7 15. Ng5 Rf6 16. Qh7+ Kf8 17. Qh5 Ke7 18. 0-0-0 Qe8 19. Qg4 Qg6 20. Rde1 Kd7 21. Re2 Nc6 22. Rhe1 Bh6 23. g3 Re8 24. f4 Nd8 25. Qh3 c5 26. Nf3 Nc6 27. h5 Qf5 28. Qf1 cxd4 29. Ne5+ Kc7 30. Nxc6 Kxc6 31. Re5 Qh7 32. a4 Kb7 33. Rxd5 dxc3 34. bxc3 Rc8 35. Rd3 Qc7 36. Kb2 Bg7 37. Qg2+ Kb8 38. Qd2 Qc6 39. Qc2 Rf5 40. Ree3 Rxh5 41. Qe2 Ra5 0-1

[Event "GER-chT Seniors 25th"]
[Site "Magdeburg"]
[Date "2016.10.09"]
[Round "1.5"]
[White "Welz, Peter"]
[Black "Nekrasov, Mihail"]
[Result "0-1"]
[WhiteElo "2085"]
[BlackElo "2388"]
[PlyCount "54"]
[EventDate "2016.10.09"]
[EventType "team-swiss"]
[EventRounds "7"]
[EventCountry "GER"]
[SourceTitle "EXT 2019"]
[Source "ChessBase"]
[SourceDate "2018.10.10"]
[SourceVersion "1"]
[SourceVersionDate "2018.10.10"]
[SourceQuality "1"]
[WhiteTeam "Berlin II"]
[BlackTeam "Baden"]
[WhiteTeamCountry "GER"]
[BlackTeamCountry "GER"]

1. e4 d5 2. exd5 Nf6 3. d4 Nxd5 4. c4 Nb6 5. Nc3 e5 6. Nf3 Bg4 7. Be2 Bxf3 8. Bxf3 exd4 9. Nd5 Nxd5 10. 0-0 Nf6 11. Bxb7 Nbd7 12. Re1+ Be7 13. Bxa8 Qxa8 14. Qxd4 Nf8 15. Rxe7+ Kxe7 16. Qc5+ Kd7 17. Be3 Ne6 18. Qb5+ Kc8 19. Qa5 Rd8 20. b4 Rd7 21. h3 Nd4 22. Rb1 Qe4 23. Rb2 Nf5 24. Bxa7 Rd1+ 25. Kh2 Qf4+ 26. g3 Qf3 27. Qa6+ Kd8 0-1